Observaciones sobre el proyecto de reforma arancelaria presentado a las Cortes el 5 de enero, dirigidas al público por la Asociación para la Reforma de los Aranceles de Aduanas / (Record no. 26003)

MARC details
000 -LEADER
campo de control de longitud fija 00742nam a2200181 i 4500
001 - NÚMERO DE CONTROL
campo de control 26003
003 - IDENTIFICADOR DE NÚMERO DE CONTROL
campo de control ES-MaACL
005 - FECHA Y HORA DE LA ÚLTIMA TRANSACCIÓN
campo de control 20250831121727.0
007 - CAMPO FIJO DE DESCRIPCIÓN FÍSICA--INFORMACIÓN GENERAL
campo de control de longitud fija t|
008 - DATOS DE LONGITUD FIJA--INFORMACIÓN GENERAL
campo de control de longitud fija 030107s1863 sp ||||1| spa d
110 2# - ENTRADA PRINCIPAL--NOMBRE DE ENTIDAD CORPORATIVA
Nombre de entidad corporativa o nombre de jurisdicción como elemento de entrada Asociación para la Reforma de los Aranceles de Aduanas
9 (RLIN) 1779
245 10 - MENCIÓN DEL TÍTULO
Título Observaciones sobre el proyecto de reforma arancelaria presentado a las Cortes el 5 de enero, dirigidas al público por la Asociación para la Reforma de los Aranceles de Aduanas /
Mención de responsabilidad, etc. Asociación para la Reforma de los Aranceles de Aduanas.
260 ## - PUBLICACIÓN, DISTRIBUCIÓN, ETC.
Lugar de publicación, distribución, etc. Madrid :
Nombre del editor, distribuidor, etc. [s.n.,
Fecha de publicación, distribución, etc. 1863] (
Fabricante Imp. de Manuel Galiano)
300 ## - DESCRIPCIÓN FÍSICA
Extensión 24 p. ;
Dimensiones 22 cm.
852 ## - LOCALIZACIÓN
Ubicación ES-MaACL
Número de control de estantería Fol-Laf-277
852 ## - LOCALIZACIÓN
Ubicación ES-MaACL
Número de control de estantería T-158-F-9
Holdings
Estatus retirado Estado de pérdida Estado de daño No para préstamo Colección Biblioteca de origen Biblioteca actual Ubicación en estantería Fecha de adquisición Fuente de adquisición Total de préstamos Signatura topográfica completa Código de barras Visto por última vez Precio de reemplazo Tipo de ítem Koha
        Colección de folletos Biblioteca del Ateneo de Madrid Biblioteca del Ateneo de Madrid Depósito folletos 08/01/2010     T-158-F-9 1182276 23/02/2023 23/02/2023 Folleto
        Colección de folletos Biblioteca del Ateneo de Madrid Biblioteca del Ateneo de Madrid Depósito folletos 17/01/2008     Fol-Laf-277 1026834 23/02/2023 23/02/2023 Folleto